000 00835nas a2200265 4500
001 BR0807594
003 BR-BrBNA
005 20231205112711.0
007 ta
008 230509b bl.|||p| |||| 00| 00por d
040 _aBR-BrBNA
_bpor
_cBiblioteca Nacional de Agricultura
041 _a(En)
072 _aP03
100 1 _aTeixeira, P.C.N.
100 1 _aCoelho Neto, J.A.
100 1 _aRocha, H.
100 1 _aOliveira, J.M. de
245 1 _aAn instrumental set up for seed gemination studies with temperature control and automatic image recording
650 _aFLORESTA
650 _aGERMINAÇÃO
650 _aTEMPERATURA
773 0 _tBrazilian Journal of Plant Physiology (Brazil)
_xISSN 1677-0420
_g(Apr-Jun 2007), v. 19(2) p. 99-108
_wBR0807594
909 _a202311
_bLúcia
_c55
_dLúcia Elande
942 _2AGRIS
_n0
_cANA
999 _c199456
_d199456